000 011800am a22003250004500
003 EG-GiCUC
008 790618s1979 mdua b 001 0 eng
010 _a 79016772
020 _a0801822483
020 _a0801822718 (pbk.)
040 _aDLC
_c DLC
_d DLC
050 0 0 _aHD82
_b.E286
092 0 4 _a330.9048
_bE1965
_221
099 _a04
_a330.9048 E1965
245 0 0 _aEconomic issues of the eighties /
_cedited by Nake M. Kamrany and Richard H. Day.
260 _aBaltimore :
_bJohns Hopkins University Press,
_cc1979.
300 _avii, 286 p. :
_bill. ;
_c24 cm.
500 _a"Based on a series of lectures presented at the University of Southern California in 1977 and 1978 as a part of the Department of Economics' colloquium 'Contemporary economic issues.'"
500 _aIncludes index.
504 _aBibliography: p. 271-276.
650 0 _aEconomic history
_y1971-1990.
650 0 _aEconomic policy.
700 1 _aDay, Richard Hollis,
_d1933-
700 1 _aKamrany, Nake M.,
_d1934-
902 _a1
905 _aMarwa Anter
_ecat
905 _aReda
_eRev
942 _2ddc
_cBK
999 _c107371
_d107371